000 00640nas a2200181 a 4500
005 20260112063305.0
022 _a1932-1872 [Online ]
039 _a201205250013
_bstaff
_c201107282357
_d staff
_y 201105112331
_z staff
082 _a006
_bSTA
245 _aStatistical Analysis & Data Mining / edited by
_cVerducci ,Joseph
260 _b Wiley,
_c2011
310 _aMonthly
321 _a12 issues per year
_b2011 January - 2011 December
856 _u http://onlinelibrary.wiley.com/journal/10.1002/(ISSN)1932-1872
_y Online Journal
991 _aVIRTUA40
991 _aVTLSSORT0080*0220*0820*2450*2600*3100*3210*8560*9992
909 _a3906
999 _c3457
_d3457